| 000 | 00379cam a2200145ua 4500 | ||
|---|---|---|---|
| 020 | _a9780071069670 | ||
| 082 |
_a621.4022 _bHOL/HE |
||
| 100 |
_aHolman, J P . _9494 |
||
| 100 |
_aBhattacharyya, Souvik _9495 |
||
| 245 | _aHeat transfer: In SI Units | ||
| 250 | _a10th | ||
| 260 |
_a New Delhi _bMcGraw Hill Education (India)Private Limited _c2011 |
||
| 300 | _a674 | ||
| 942 | _cBK | ||
| 999 |
_c10654 _d10654 |
||